MARC details
| 000 -LEADER |
| fixed length control field |
01081nam a2200253 a 4500 |
| 008 - FIXED-LENGTH DATA ELEMENTS--GENERAL INFORMATION |
| fixed length control field |
120416s1997 ||||||||||||||||| || u |
| 020 ## - INTERNATIONAL STANDARD BOOK NUMBER |
| International Standard Book Number |
0521556104 |
| 050 ## - LIBRARY OF CONGRESS CALL NUMBER |
| Classification number |
QC 794.6.S85 Mat |
| 100 ## - MAIN ENTRY--PERSONAL NAME |
| Personal name |
Albeverio, Sergio |
| 245 12 - TITLE STATEMENT |
| Title |
A mathematical introduction to string theory : variational problems, geometric and probabilistic methods / |
| Statement of responsibility, etc. |
edited by Sergio Albeverio |
| 260 ## - PUBLICATION, DISTRIBUTION, ETC. |
| Place of publication, distribution, etc. |
Cambridge |
| Name of publisher, distributor, etc. |
Cambridge University Press |
| Date of publication, distribution, etc. |
1997 |
| 300 ## - PHYSICAL DESCRIPTION |
| Extent |
viii, 135 p. |
| 350 ## - PRICE (NR) (BK AM CF MU VM SE) [OBSOLETE] |
| Price |
0.00 |
| 490 ## - SERIES STATEMENT |
| Series statement |
London Mathematical Society lecture note series |
| 490 ## - SERIES STATEMENT |
| Volume/sequential designation |
225 |
| 500 ## - GENERAL NOTE |
| General note |
Includes bibliographical references (p. 126-132) and index. |
| 650 #0 - SUBJECT ADDED ENTRY--TOPICAL TERM |
| Topical term or geographic name entry element |
PHYSICS |
| 650 ## - SUBJECT ADDED ENTRY--TOPICAL TERM |
| Topical term or geographic name entry element |
String models--Mathematics |
| 650 ## - SUBJECT ADDED ENTRY--TOPICAL TERM |
| Topical term or geographic name entry element |
MATHEMATICAL PHYSICS |
| 710 ## - ADDED ENTRY--CORPORATE NAME |
| Corporate name or jurisdiction name as entry element |
London Mathematical Society |
| 856 ## - ELECTRONIC LOCATION AND ACCESS |
| Uniform Resource Identifier |
<a href="http://www.loc.gov/catdir/description/cam027/95049052.html">http://www.loc.gov/catdir/description/cam027/95049052.html</a> |
| 856 ## - ELECTRONIC LOCATION AND ACCESS |
| Uniform Resource Identifier |
<a href="http://www.loc.gov/catdir/toc/cam027/95049052.html">http://www.loc.gov/catdir/toc/cam027/95049052.html</a> |
| 995 ## - RECOMMENDATION 995 [LOCAL, UNIMARC FRANCE] |
| -- |
0.00 |
| -- |
CBU-MAIN LIBRARY (Kitwe) |
| -- |
1 |
| -- |
27.95 |
| -- |
1 |
| -- |
AVAILABLE |
| -- |
Main Library Open Access Collection |